000 00581nam a2200193 4500
001 132297
003 ES-MaACL
005 20230906194139.0
007 t|
008 070214s1961 sp r ||||1| spa d
100 1 _aRoldán Viller, Alejandro.
_999156
245 1 4 _aLas crisis de la vida en religión /
_cAlejandro Roldán Viller.
260 _aMadrid :
_bRazón y Fé,
_c1961.
300 _a215 p. ;
_c18 cm.
490 1 _aPsicología-medicina-pastoral
830 0 _aPsicología-medicina-pastoral
_9180800
852 _aES-MaACL
_jC-20680
_bR.48924
999 _c132297
_d132297